000 00548cam a22002051 4500
001 ne 62001286
003 DLC
005 20260227111737.0
008 940406s1943 tu 000 0 tur
010 _ane 62001286
035 _a(OCoLC)30096952
040 _aDLC
_cCU
_dDLC
042 _apremarc
050 0 0 _aPL248.S28
_bS6 1943
100 1 _aSafa, Peyami,
_d1899-1961.
245 1 0 _aSözde kızlar.
260 _a[İstanbul]
_bS. Lûtfi Kitabevi
_c[1943]
300 _a236 p.
_c19 cm.
440 0 _aSemih Lûtfiʼnin ucuz romanlar serisi,
_v14
999 _c45237
_d45237